00000000nam##2200000za#4500
0019.560278
003CaOODSP
00520210624173304
007cr |||||||||||
008150406|2001||||xxc|||||o    f|0| 0 eng|d
040 |aCaOODSP|beng
043 |an-cn---
0861 |aEn1-34/3-2001E-PDF
1101 |aCanada.|bEnvironment Canada. |bNational Guidelines and Standards Office.
24510|aCanadian water quality guidelines for protection of aquatic life : inorganic fluorides : |h[electronic resource]|bscientific supporting document / |cPrepared and published by National Guidelines and Standards Office, Environmental Quality Branch.
260 |bEnvironment Canada. |c2001.
300 |a107p.|breferences, tables
4901 |aEcosystem health, science-based solutions|v1-1
500 |aThe catalogue number (En1-34/3-2001E) and ISBN (0-662-29603-6) for the print edition have been incorrectly copied in this electronic publication.
546 |a(Résumé en français.)
590 |a06-03-Supp|b2006-10-02
69007|aAquatic ecosystems|2gcpds
69007|aFluorides|2gcpds
69007|aWater quality|2gcpds
7760#|tCanadian water quality guidelines for the protection of aquatic life: inorganic fluorides : |w(CaOODSP)9.615389
830#0|aEcosystem health, science-based solutions ;|v1-1|w(CaOODSP)9.504504
85640|ahttp://publications.gc.ca|qPDF|s342 KB|uhttps://publications.gc.ca/collections/Collection/En1-34-3-2001E.pdf|y1-1